Christopher Saxton and Tudor map making. Exhibition by British Library (Record no. 87683)

MARC details
000 -LEADER
fixed length control field 00536cam a2200205 4500
001 - CONTROL NUMBER
control field D9413
008 - FIXED-LENGTH DATA ELEMENTS--GENERAL INFORMATION
fixed length control field 090401t1981 xxu||||| |||| 00| 0 eng d
035 ## - SYSTEM CONTROL NUMBER
System control number (Sirsi) u19497
041 ## - LANGUAGE CODE
Language code of text/sound track or separate title eng
050 ## - LIBRARY OF CONGRESS CALL NUMBER
Classification number 016.52609031
100 ## - MAIN ENTRY--PERSONAL NAME
Personal name Tyacke, Sarah
245 ## - TITLE STATEMENT
Title Christopher Saxton and Tudor map making. Exhibition by British Library
260 ## - PUBLICATION, DISTRIBUTION, ETC.
Place of publication, distribution, etc. London
Name of publisher, distributor, etc. British Library
Date of publication, distribution, etc. 1981
300 ## - PHYSICAL DESCRIPTION
Extent 64p. ill. 25cm
350 ## - PRICE (NR) (BK AM CF MU VM SE) [OBSOLETE]
Price 3.25
490 ## - SERIES STATEMENT
Series statement British Library Series
Volume/sequential designation 2
700 ## - ADDED ENTRY--PERSONAL NAME
Personal name Huddy, John
942 ## - ADDED ENTRY ELEMENTS (KOHA)
Suppress in OPAC 0
948 ## - LOCAL PROCESSING INFORMATION (OCLC); SERIES PART DESIGNATOR (RLIN)
c (OCLC) 04/03/1997
Holdings
Withdrawn status Lost status Source of classification or shelving scheme Damaged status Not for loan Home library Current library Shelving location Date acquired Cost, normal purchase price Total Checkouts Full call number Barcode Date last seen Copy number Cost, replacement price Price effective from Koha item type
    Dewey Decimal Classification     London London Basement 14/09/1999 3.25   SHELF 136 30000034 06/08/2019 1 3.25 06/08/2019 Book